Missouri Representatives (119th Congress) - Statistics

General Stats
  • This quiz has been taken 11 times
  • The average score is 7 of 8
Answer Stats
District Party Serving since... Representative % Correct
2 Republican 2013 Ann Wagner
100%
3 Republican 2025 Bob Onder
100%
5 Democratic 2005 Emanuel Cleaver
100%
1 Democratic 2025 Wesley Bell
100%
7 Republican 2023 Eric Burlison
80%
8 Republican 2013 Jason Smith
80%
4 Republican 2023 Mark Alford
80%
6 Republican 2001 Sam Graves
60%
No matching quizzes found
Score Distribution
Percent of People with Each Score
Percentile by Number Answered
Your Score History
You have not taken this quiz